<?xml version="1.0" encoding="UTF-8"?>
<record
    xmlns:xsi="http://www.w3.org/2001/XMLSchema-instance"
    xsi:schemaLocation="http://www.loc.gov/MARC21/slim http://www.loc.gov/standards/marcxml/schema/MARC21slim.xsd"
    xmlns="http://www.loc.gov/MARC21/slim">

  <leader>02828nam0a2200445   4500</leader>
  <controlfield tag="001">RU\NLR\BIBL_A\022685558</controlfield>
  <controlfield tag="005">20260408235602.0</controlfield>
  <datafield tag="035" ind1=" " ind2=" ">
    <subfield code="a">(NLR Aleph) 022685558</subfield>
  </datafield>
  <datafield tag="090" ind1=" " ind2=" ">
    <subfield code="a">13505264</subfield>
    <subfield code="c">13505264</subfield>
  </datafield>
  <datafield tag="100" ind1=" " ind2=" ">
    <subfield code="a">20251211d2024    k  y0rusy50      ca</subfield>
  </datafield>
  <datafield tag="101" ind1="0" ind2=" ">
    <subfield code="a">rus</subfield>
    <subfield code="a">eng</subfield>
  </datafield>
  <datafield tag="102" ind1=" " ind2=" ">
    <subfield code="a">RU</subfield>
  </datafield>
  <datafield tag="105" ind1=" " ind2=" ">
    <subfield code="a">ach b   110yy</subfield>
  </datafield>
  <datafield tag="181" ind1=" " ind2="0">
    <subfield code="a">b3</subfield>
    <subfield code="b">xb2e  </subfield>
  </datafield>
  <datafield tag="181" ind1=" " ind2="0">
    <subfield code="a">i2</subfield>
    <subfield code="b">axxe  </subfield>
  </datafield>
  <datafield tag="182" ind1=" " ind2="0">
    <subfield code="a">n</subfield>
  </datafield>
  <datafield tag="200" ind1="1" ind2=" ">
    <subfield code="a">&#x41D;&#x430;&#x448;&#x435; &#x432;&#x441;&#x451;</subfield>
    <subfield code="e">&#x436;&#x438;&#x432;&#x43E;&#x43F;&#x438;&#x441;&#x44C;, &#x433;&#x440;&#x430;&#x444;&#x438;&#x43A;&#x430;, &#x441;&#x43A;&#x443;&#x43B;&#x44C;&#x43F;&#x442;&#x443;&#x440;&#x430;, &#x444;&#x43E;&#x442;&#x43E;&#x44E;&#x437;&#x438;&#x43D;&#x433;</subfield>
    <subfield code="e">[&#x43A;&#x430;&#x442;&#x430;&#x43B;&#x43E;&#x433; &#x432;&#x44B;&#x441;&#x442;&#x430;&#x432;&#x43A;&#x438;], 15 &#x438;&#x44E;&#x43D;&#x44F; 2024 - 13 &#x438;&#x44E;&#x43B;&#x44F; 2024</subfield>
    <subfield code="e">&#x432;&#x44B;&#x441;&#x442;&#x430;&#x432;&#x43A;&#x430; &#x43F;&#x43E;&#x441;&#x432;&#x44F;&#x449;&#x435;&#x43D;&#x430; 30-&#x43B;&#x435;&#x442;&#x438;&#x44E; &#x421;&#x41F;&#x410;&#x421;&#x418;</subfield>
    <subfield code="f">&#x41D;&#x43E;&#x432;&#x44B;&#x439; &#x43C;&#x443;&#x437;&#x435;&#x439; &#x410;&#x441;&#x43B;&#x430;&#x43D;&#x430; &#x427;&#x435;&#x445;&#x43E;&#x435;&#x432;&#x430;, &#x421;&#x430;&#x43D;&#x43A;&#x442;-&#x41F;&#x435;&#x442;&#x435;&#x440;&#x431;&#x443;&#x440;&#x433;&#x441;&#x43A;&#x430;&#x44F; &#x430;&#x43A;&#x430;&#x434;&#x435;&#x43C;&#x438;&#x44F; &#x441;&#x43E;&#x432;&#x440;&#x435;&#x43C;&#x435;&#x43D;&#x43D;&#x43E;&#x433;&#x43E; &#x438;&#x441;&#x43A;&#x443;&#x441;&#x441;&#x442;&#x432;&#x430; &#x431;&#x435;&#x441;&#x441;&#x43C;&#x435;&#x440;&#x442;&#x43D;&#x44B;&#x445;</subfield>
  </datafield>
  <datafield tag="203" ind1=" " ind2=" ">
    <subfield code="a">&#x418;&#x437;&#x43E;&#x431;&#x440;&#x430;&#x436;&#x435;&#x43D;&#x438;&#x435;</subfield>
    <subfield code="a">&#x422;&#x435;&#x43A;&#x441;&#x442;</subfield>
    <subfield code="b">&#x432;&#x438;&#x437;&#x443;&#x430;&#x43B;&#x44C;&#x43D;&#x44B;&#x435;</subfield>
    <subfield code="c">&#x43D;&#x435;&#x43F;&#x43E;&#x441;&#x440;&#x435;&#x434;&#x441;&#x442;&#x432;&#x435;&#x43D;&#x43D;&#x44B;&#x435;</subfield>
  </datafield>
  <datafield tag="210" ind1=" " ind2=" ">
    <subfield code="a">&#x421;&#x430;&#x43D;&#x43A;&#x442;-&#x41F;&#x435;&#x442;&#x435;&#x440;&#x431;&#x443;&#x440;&#x433;</subfield>
    <subfield code="c">&#x417;&#x43D;&#x430;&#x43A;&#x44A;</subfield>
    <subfield code="d">2024</subfield>
  </datafield>
  <datafield tag="215" ind1=" " ind2=" ">
    <subfield code="a">67, 60 &#x441;. &#x432;&#x441;&#x442;&#x440;&#x435;&#x447;. &#x43F;&#x430;&#x433;</subfield>
    <subfield code="c">&#x438;&#x43B;., &#x43F;&#x43E;&#x440;&#x442;&#x440;., &#x444;&#x430;&#x43A;&#x441;.</subfield>
    <subfield code="d">29</subfield>
  </datafield>
  <datafield tag="300" ind1=" " ind2=" ">
    <subfield code="a">&#x41D;&#x430; &#x43E;&#x431;&#x43B;. &#x434;&#x430;&#x442;&#x44B; &#x43F;&#x440;&#x43E;&#x432;&#x435;&#x434;&#x435;&#x43D;&#x438;&#x44F; 1-&#x439; &#x432;&#x44B;&#x441;&#x442;&#x430;&#x432;&#x43A;&#x438;: 11 &#x438;&#x44E;&#x43D;&#x44F; - 11 &#x438;&#x44E;&#x43B;&#x44F; 2024</subfield>
  </datafield>
  <datafield tag="300" ind1=" " ind2=" ">
    <subfield code="a">&#x427;&#x430;&#x441;&#x442;&#x44C; &#x442;&#x435;&#x43A;&#x441;&#x442;&#x430; &#x43F;&#x430;&#x440;&#x430;&#x43B;. &#x43D;&#x430; &#x440;&#x443;&#x441;. &#x438; &#x430;&#x43D;&#x433;&#x43B;. &#x44F;&#x437;.</subfield>
  </datafield>
  <datafield tag="309" ind1=" " ind2=" ">
    <subfield code="a">&#x41A;&#x43D;&#x438;&#x433;&#x430;-&#x43F;&#x435;&#x440;&#x435;&#x432;&#x435;&#x440;&#x442;&#x44B;&#x448;</subfield>
  </datafield>
  <datafield tag="333" ind1=" " ind2=" ">
    <subfield code="a">18+</subfield>
  </datafield>
  <datafield tag="500" ind1=" " ind2=" ">
    <subfield code="8">rus</subfield>
    <subfield code="a">&#x418;&#x43B;&#x438;&#x430;&#x434;&#x430;</subfield>
    <subfield code="7">ca</subfield>
    <subfield code="3">RU\NLR\AUTH\5510024</subfield>
    <subfield code="9">2632025</subfield>
  </datafield>
  <datafield tag="601" ind1="0" ind2="2">
    <subfield code="a">&#x41D;&#x43E;&#x432;&#x44B;&#x439; &#x43C;&#x443;&#x437;&#x435;&#x439;</subfield>
    <subfield code="c">&#x421;&#x430;&#x43D;&#x43A;&#x442;-&#x41F;&#x435;&#x442;&#x435;&#x440;&#x431;&#x443;&#x440;&#x433;, &#x433;&#x43E;&#x440;&#x43E;&#x434;</subfield>
    <subfield code="x">&#x412;&#x44B;&#x441;&#x442;&#x430;&#x432;&#x43A;&#x438;</subfield>
    <subfield code="z">2024</subfield>
    <subfield code="3">RU\NLR\AUTH\6601757492</subfield>
    <subfield code="9">2670517</subfield>
  </datafield>
  <datafield tag="601" ind1="0" ind2="2">
    <subfield code="a">&#x421;&#x430;&#x43D;&#x43A;&#x442;-&#x41F;&#x435;&#x442;&#x435;&#x440;&#x431;&#x443;&#x440;&#x433;&#x441;&#x43A;&#x430;&#x44F; &#x430;&#x43A;&#x430;&#x434;&#x435;&#x43C;&#x438;&#x44F; &#x441;&#x43E;&#x432;&#x440;&#x435;&#x43C;&#x435;&#x43D;&#x43D;&#x43E;&#x433;&#x43E; &#x438;&#x441;&#x43A;&#x443;&#x441;&#x441;&#x442;&#x432;&#x430;</subfield>
    <subfield code="x">&#x412;&#x44B;&#x441;&#x442;&#x430;&#x432;&#x43A;&#x438;</subfield>
    <subfield code="z">2024</subfield>
    <subfield code="3">RU\NLR\AUTH\6601764094</subfield>
    <subfield code="9">2690839</subfield>
  </datafield>
  <datafield tag="686" ind1="1" ind2=" ">
    <subfield code="a">&#x429;101.3(2&#x420;)-2&#x421;&#x430;&#x43D;&#x43A;&#x442;-&#x41F;&#x435;&#x442;&#x435;&#x440;&#x431;&#x443;&#x440;&#x433;2&#x41D;&#x43E;&#x432;&#x44B;&#x439; &#x43C;&#x443;&#x437;&#x435;&#x439; &#x43B;62</subfield>
  </datafield>
  <datafield tag="686" ind1="1" ind2=" ">
    <subfield code="a">&#x429;103(2&#x420;=&#x420;&#x443;&#x441;)7-29&#x421;&#x430;&#x43D;&#x43A;&#x442;-&#x41F;&#x435;&#x442;&#x435;&#x440;&#x431;&#x443;&#x440;&#x433;&#x441;&#x43A;&#x430;&#x44F; &#x430;&#x43A;&#x430;&#x434;&#x435;&#x43C;&#x438;&#x44F; &#x441;&#x43E;&#x432;&#x440;&#x435;&#x43C;&#x435;&#x43D;&#x43D;&#x43E;&#x433;&#x43E; &#x438;&#x441;&#x43A;&#x443;&#x441;&#x441;&#x442;&#x432;&#x430; &#x43B;62</subfield>
  </datafield>
  <datafield tag="702" ind1=" " ind2="0">
    <subfield code="4">070</subfield>
    <subfield code="8">rus</subfield>
    <subfield code="7">ca</subfield>
    <subfield code="a">&#x413;&#x43E;&#x43C;&#x435;&#x440;</subfield>
    <subfield code="3">RU\NLR\AUTH\7710030</subfield>
    <subfield code="9">119815</subfield>
  </datafield>
  <datafield tag="702" ind1=" " ind2="1">
    <subfield code="4">220</subfield>
    <subfield code="8">rus</subfield>
    <subfield code="7">ca</subfield>
    <subfield code="a">&#x412;&#x43E;&#x43B;&#x43E;&#x441;&#x435;&#x43D;&#x43A;&#x43E;&#x432;</subfield>
    <subfield code="b">&#x424;. &#x412;.</subfield>
    <subfield code="f">1944-2025</subfield>
    <subfield code="g">&#x424;&#x435;&#x43B;&#x438;&#x43A;&#x441; &#x412;&#x430;&#x441;&#x438;&#x43B;&#x44C;&#x435;&#x432;&#x438;&#x447;</subfield>
    <subfield code="3">RU\NLR\AUTH\7745196</subfield>
    <subfield code="9">28135</subfield>
  </datafield>
  <datafield tag="702" ind1=" " ind2="1">
    <subfield code="4">280</subfield>
    <subfield code="8">rus</subfield>
    <subfield code="7">ca</subfield>
    <subfield code="a">&#x41F;&#x443;&#x448;&#x43A;&#x438;&#x43D;</subfield>
    <subfield code="b">&#x410;. &#x421;.</subfield>
    <subfield code="c">&#x43F;&#x43E;&#x44D;&#x442;</subfield>
    <subfield code="f">1799-1837</subfield>
    <subfield code="g">&#x410;&#x43B;&#x435;&#x43A;&#x441;&#x430;&#x43D;&#x434;&#x440; &#x421;&#x435;&#x440;&#x433;&#x435;&#x435;&#x432;&#x438;&#x447;</subfield>
    <subfield code="3">RU\NLR\AUTH\77386</subfield>
    <subfield code="9">110441</subfield>
  </datafield>
  <datafield tag="711" ind1="0" ind2="2">
    <subfield code="a">&#x421;&#x430;&#x43D;&#x43A;&#x442;-&#x41F;&#x435;&#x442;&#x435;&#x440;&#x431;&#x443;&#x440;&#x433;&#x441;&#x43A;&#x430;&#x44F; &#x430;&#x43A;&#x430;&#x434;&#x435;&#x43C;&#x438;&#x44F; &#x441;&#x43E;&#x432;&#x440;&#x435;&#x43C;&#x435;&#x43D;&#x43D;&#x43E;&#x433;&#x43E; &#x438;&#x441;&#x43A;&#x443;&#x441;&#x441;&#x442;&#x432;&#x430; &#x431;&#x435;&#x441;&#x441;&#x43C;&#x435;&#x440;&#x442;&#x43D;&#x44B;&#x445;</subfield>
    <subfield code="3">RU\NLR\AUTH\889964002</subfield>
    <subfield code="9">424243</subfield>
  </datafield>
  <datafield tag="711" ind1="1" ind2="2">
    <subfield code="a">"&#x41D;&#x430;&#x448;&#x435; &#x432;&#x441;&#x451;", &#x432;&#x44B;&#x441;&#x442;&#x430;&#x432;&#x43A;&#x430;</subfield>
    <subfield code="f">2024</subfield>
    <subfield code="e">&#x421;&#x430;&#x43D;&#x43A;&#x442;-&#x41F;&#x435;&#x442;&#x435;&#x440;&#x431;&#x443;&#x440;&#x433;</subfield>
    <subfield code="3">RU\NLR\AUTH\880636445</subfield>
    <subfield code="9">2690093</subfield>
  </datafield>
  <datafield tag="712" ind1="0" ind2="2">
    <subfield code="4">557</subfield>
    <subfield code="a">&#x41D;&#x43E;&#x432;&#x44B;&#x439; &#x43C;&#x443;&#x437;&#x435;&#x439;</subfield>
    <subfield code="c">&#x421;&#x430;&#x43D;&#x43A;&#x442;-&#x41F;&#x435;&#x442;&#x435;&#x440;&#x431;&#x443;&#x440;&#x433;</subfield>
    <subfield code="3">RU\NLR\AUTH\8810185301</subfield>
    <subfield code="9">866199</subfield>
  </datafield>
  <datafield tag="942" ind1=" " ind2=" ">
    <subfield code="c">BOOK</subfield>
  </datafield>
  <datafield tag="980" ind1=" " ind2=" ">
    <subfield code="a">NB</subfield>
  </datafield>
</record>
